[Event "PAR-ch sf"]
[Site "Asuncion"]
[Date "2017.08.13"]
[Round "3"]
[White "Gamarra, Ramon"]
[Black "Gomez Gonzalez, Santiago"]
[Result "1-0"]
[WhiteElo "1903"]
[BlackElo "1432"]
[PlyCount "61"]
[EventDate "2017.08.11"]
[EventType "swiss"]
[EventRounds "9"]
[EventCountry "PAR"]
[SourceTitle "CBM 180 Extra"]
[Source "ChessBase"]
[SourceDate "2017.10.06"]
[SourceVersion "1"]
[SourceVersionDate "2017.10.06"]
[SourceQuality "1"]

1. c4 c5 2. Nc3 Nc6 3. g3 g6 4. Bg2 Bg7 5. Nf3 e5 6. 0-0 Nge7 7. d3 0-0 8. Rb1 d6 9. a3 a5 10. b3 h6 11. Ne1 Be6 12. Nd5 Rc8 13. Bd2 b6 14. Nc2 Rb8 15. b4 axb4 16. axb4 Kh7 17. b5 Nd4 18. Nce3 Nef5 19. Ra1 Nxe3 20. Bxe3 f5 21. Ra7 Rf7 22. Rxf7 Bxf7 23. Qd2 Nb3 24. Qa2 Na5 25. Bd2 Bxd5 26. Bxd5 Qc7 27. Bxa5 bxa5 28. Ra1 e4 29. Qxa5 Qxa5 30. Rxa5 exd3 31. exd3 1-0

[Event "Asuncion Clasificatorio op 6th"]
[Site "Asuncion"]
[Date "2017.08.06"]
[Round "7.9"]
[White "Allo Collante, Enrique"]
[Black "Gomez Gonzalez, Santiago"]
[Result "1-0"]
[WhiteElo "1570"]
[BlackElo "1432"]
[PlyCount "50"]
[EventDate "2017.08.04"]
[EventType "swiss"]
[EventRounds "7"]
[EventCountry "PAR"]
[SourceTitle "EXT 2023"]
[Source "ChessBase"]
[SourceDate "2022.10.05"]
[SourceVersion "1"]
[SourceVersionDate "2022.10.05"]
[SourceQuality "1"]

1. d4 Nf6 2. Bf4 g6 3. e3 Bg7 4. Nf3 0-0 5. Be2 e6 6. 0-0 b6 7. Nbd2 Bb7 8. h3 d6 9. c4 Nbd7 10. Rc1 Qe7 11. Qb3 e5 12. Bh2 exd4 13. exd4 Bh6 14. Rce1 Rfe8 15. Bd1 Qd8 16. Qd3 Rxe1 17. Rxe1 Nf8 18. Ba4 c6 19. Ne4 d5 20. cxd5 b5 21. dxc6 Bxc6 22. Nxf6+ Qxf6 23. Bxb5 Rd8 24. Be5 Qe6 25. Bc7 Rxd4 1-0

[Event "Asuncion Clasificatorio op 6th"]
[Site "Asuncion"]
[Date "2017.08.04"]
[Round "1.4"]
[White "Gomez Gonzalez, Santiago"]
[Black "Ibanez, Juan"]
[Result "0-1"]
[WhiteElo "1432"]
[BlackElo "1895"]
[PlyCount "92"]
[EventDate "2017.08.04"]
[EventType "swiss"]
[EventRounds "7"]
[EventCountry "PAR"]
[SourceTitle "EXT 2023"]
[Source "ChessBase"]
[SourceDate "2022.10.05"]
[SourceVersion "1"]
[SourceVersionDate "2022.10.05"]
[SourceQuality "1"]

1. c4 Nf6 2. g3 d5 3. cxd5 Nxd5 4. Bg2 Nb6 5. Nf3 Nc6 6. Nc3 e5 7. d3 Be7 8. a3 0-0 9. 0-0 a5 10. Qc2 Be6 11. e4 a4 12. Be3 Bb3 13. Qd2 Qd7 14. Ne1 Rad8 15. f4 Nc4 16. Qe2 Nxe3 17. Qxe3 exf4 18. gxf4 Nd4 19. Kh1 c6 20. Bh3 Qd6 21. Nd5 cxd5 22. Qxd4 dxe4 23. Qxd6 Rxd6 24. dxe4 Rd2 25. Rb1 Rfd8 26. Nf3 Re2 27. Rfe1 Rxe1+ 28. Rxe1 Rd3 29. Bg2 Bc5 30. e5 Bd5 31. Nh4 Bxg2+ 32. Nxg2 Rd2 33. Rc1 b6 34. Rb1 Bd4 35. Rc1 Kf8 36. Rc8+ Ke7 37. Rc7+ Kd8 38. Rc1 Bxb2 39. Rb1 Kc7 40. Ne3 b5 41. Nd1 Bxa3 42. Nc3 Kc6 43. Nxb5 Bb2 44. Nd6 Rc2 45. Nc4 Rc1+ 46. Rxc1 Bxc1 0-1